000 02254nam0a2200409 4500
001 RU\NLR\BIBL_A\012491097
005 20251118115154.0
010 _a978-5-907268-39-5
_9100
021 _aRU
_bКН-П-20-076735
_9КН-П-20-5795
035 _a(NLR Aleph) 012491097
035 _a(RuMoRGB)010499930
090 _a12179675
_c12179675
100 _a20210331d2020 u y0rusy50 ca
101 0 _arus
102 _aRU
105 _aa zzjz0|000zy
181 0 _ai3
_baxxe
182 0 _an
200 1 _aПодготовка будущих педагогов к реализации функции общения в профессиональной деятельности
_e(учебно-методическое пособие)
_eдля студентов и преподавателей вузов подготовки 44.03.01 Педагогическое образование
_fТ. А. Маслова
203 _aТекст
_bвизуальный
_cнепосредственный
210 _aКалуга
_cЭйдос
_d2020
215 _a195, [1] с.
_cил., табл.
_d20
320 _aБиблиогр.: с. 153-154 (24 назв.)
606 1 _aВысшие педагогические учебные заведения
_jУчебно-методические пособия для высших учебных заведений
_xСтуденты
_xРазвитие коммуникативности
_92513620
_3RU\NLR\AUTH\661489932
606 1 _aПедагогическое общение
_jУчебно-методические пособия для высших учебных заведений
_92320518
_3RU\NLR\AUTH\661388278
610 0 _aпедагогическое общение
610 0 _aпедагогическая коммуникация
610 0 _aпедагогическое взаимодействие
686 1 _aЧ314.2я73
686 1 _aЧ313.2я73
686 1 _aЧ489.511.352.25я73
700 1 _7ca
_8rus
_aМаслова
_bТ. А.
_cканд. пед. наук
_gТатьяна Александровна
_92686129
_3RU\NLR\AUTH\770286689
942 _cBOOK
980 _aNBR
980 _aNB